| 000 -LEADER |
| fixed length control field |
01655nam a2200337 i 4500 |
| 001 - CONTROL NUMBER |
| control field |
vtls003120832 |
| 003 - CONTROL NUMBER IDENTIFIER |
| control field |
NUKAT |
| 005 - DATE AND TIME OF LATEST TRANSACTION |
| control field |
20180827130037.0 |
| 008 - FIXED-LENGTH DATA ELEMENTS--GENERAL INFORMATION |
| fixed length control field |
140611s1973 pl a |000 0 pol c |
| 035 ## - SYSTEM CONTROL NUMBER |
| System control number |
xx003120832 |
| 039 #9 - LEVEL OF BIBLIOGRAPHIC CONTROL AND CODING DETAIL [OBSOLETE] |
| Level of rules in bibliographic description |
201807051046 |
| Level of effort used to assign nonsubject heading access points |
vuam |
| Level of effort used to assign subject headings |
201707281321 |
| Level of effort used to assign classification |
bj |
| Level of effort used to assign subject headings |
201601111151 |
| Level of effort used to assign classification |
kopugd |
| Level of effort used to assign subject headings |
201506052156 |
| Level of effort used to assign classification |
kopumk |
| 040 ## - CATALOGING SOURCE |
| Original cataloging agency |
BSTOK U/AR |
| Transcribing agency |
BSTOK U/AR |
| Modifying agency |
BSTOK U/AR |
| 041 0# - LANGUAGE CODE |
| Language code of text/sound track or separate title |
pol |
| -- |
eng |
| 245 00 - TITLE STATEMENT |
| Title |
XX lat Instytutu Podstawowych Problemów Techniki Polskiej Akademii Nauk = |
| Remainder of title |
XX years of the Institute of Fundamental Technological Research of the Polish Academy of Sciences / |
| Statement of responsibility, etc |
[współaut. Andrzej Chachulski et al. ; kom. red. Marek Sokołowski, Aleksandra Królikowska] ; Polska Akademia Nauk. Instytut Podstawowych Problemów Techniki. |
| 246 30 - VARYING FORM OF TITLE |
| Title proper/short title |
Dwadzieścia lat Instytutu Podstawowych Problemów Techniki Polskiej Akademii Nauk |
| 246 31 - VARYING FORM OF TITLE |
| Title proper/short title |
XX years of the Institute of Fundamental Technological Research of the Polish Academy of Sciences |
| 260 ## - PUBLICATION, DISTRIBUTION, ETC. (IMPRINT) |
| Place of publication, distribution, etc |
Warszawa : |
| Name of publisher, distributor, etc |
Państwowe Wydawnictwo Naukowe, |
| Date of publication, distribution, etc |
1973. |
| 300 ## - PHYSICAL DESCRIPTION |
| Extent |
89, [1] s. : |
| Other physical details |
il. ; |
| Dimensions |
24 cm. |
| 546 ## - LANGUAGE NOTE |
| Language note |
Tekst równol. pol. i ang. |
| 610 2# - SUBJECT ADDED ENTRY--CORPORATE NAME |
| Corporate name or jurisdiction name as entry element |
Polska Akademia Nauk. |
| Subordinate unit |
Instytut Podstawowych Problemów Techniki |
| General subdivision |
historia. |
| 700 1# - ADDED ENTRY--PERSONAL NAME |
| Personal name |
Chachulski, Andrzej |
| Dates associated with a name |
( -2003). |
| 700 1# - ADDED ENTRY--PERSONAL NAME |
| Personal name |
Sokołowski, Marek |
| Dates associated with a name |
(1927-2014). |
| Relator term |
Red. |
| 700 1# - ADDED ENTRY--PERSONAL NAME |
| Personal name |
Królikowska, Aleksandra. |
| Relator term |
Red. |
| 710 2# - ADDED ENTRY--CORPORATE NAME |
| Corporate name or jurisdiction name as entry element |
Państwowe Wydawnictwo Naukowe (1951-1992). |
| Relator code |
pbl |
| 9 (RLIN) |
995 |
| 942 ## - ADDED ENTRY ELEMENTS (KOHA) |
| Source of classification or shelving scheme |
|
| Koha item type |
Książki |
| 960 ## - PHYSICAL LOCATION (RLIN) |
| Physical location, PLOC (RLIN) |
GD_U |